000 00231nam a2200085Ia 4500
245 0 _aMicroscopic creatures
100 _a Graham, Ian, , 1953- Brighton, 2009
_978398
942 _cBK
008 210817s9999 xx 000 0 und d
999 _c270835
_d270834